LEADER 01589nam a2200325 i 4500 001 000000211958 003 CaOOAMICUS 005 20120321000000.0 008 120321s2012 it u000 u ita u 013 $a190779 020 $a978-88-10-20704-8 040 $aSeMil$bita 100 1 $aBoccaccini, Gabriele,$d<1958- >.$0(OLS)http://semarc/name/90381 245 10$aDallo stesso grembo :$ble origini del cristianesimo e del giudaismo rabbinico /$cG. Boccaccini, P. Stefani ; prefazione del card. Carlo Maria Martini. 260 $aBologna :$bEDB,$c2012. 300 $a179 p. ;$c18 cm. 490 0 $aCristiani ed ebrei ;$v2 650 4$aGiudaismo e cristianesimo.$0(OLS)http://semarc/subject/2145 650 4$aEbrei e cristiani - Rapporti.$0(OLS)http://semarc/subject/15667 650 4$aEbrei e cristiani - Storia.$0(OLS)http://semarc/subject/33173 650 4$aGiudaismo - Storia - Origini.$0(OLS)http://semarc/subject/7991 700 1 $aStefani, Piero,$d<1949- >.$0(OLS)http://semarc/name/3241 700 1 $aMartini, Carlo Maria,$c.$0(OLS)http://semarc/name/89159 830 0$aCristiani ed ebrei ;$v2.$0(OLS)http://semarc/title/35719 850 $aSeMil 852 $aSeMil$W1$xVenegono$y1$m2R I 90$j162397$B162397$CSeMilBibl$Z2$F173693 $81 961 $aOmaggio: Altro 996 $6020$a978-88-10-20704-8$9(OLS)http://semarc/number/207359 996 $6245$aDallo stesso grembo :$ble origini del cristianesimo e del giudaismo rabbinico$9(OLS)http://semarc/title/306078 996 $6260$aBologna :$bEDB$9(OLS)http://semarc/publisher/29669 LEADER 01233nam a2200217 i 4500 001 000000001204 003 CaOOAMICUS 005 20250115150209.0 008 180830s1981 it r 000 u ita u 040 $aSeMil$bita 245 00$aMonasticon Italiae /$c[a cura del] Centro storico benedettino italiano. 264 1$aCesena :$bBadia di Santa Maria del Monte,$c1981- 300 $av. ;$c28 cm. 650 4$aItalia - Monasteri - Repertori.$0(OLS)http://semarc/subject/430 710 0 $aCentro storico benedettino italiano.$0(OLS)http://semarc/name/71 774 0 $t1: Roma e Lazio.$dCesena : Badia di Santa Maria del Monte, 1981.$kMonasticon Italiae : repertoro topo--bibliografico dei monasteri italiani$w()71110 774 0 $t3: Puglia e Basilicata.$dCesena : Badia di Santa Maria del Monte, 1986.$kMonasticon Italiae : repertoro topo--bibliografico dei monasteri italiani$w()104589 774 0 $t4: Tre Venezie.$dCesena : Badia di Santa Maria del Monte$kMonasticon Italiae : repertoro topo--bibliografico dei monasteri italiani$w()18629 996 $6245$aMonasticon Italiae$9(OLS)http://semarc/title/1959 996 $6264$aCesena :$bBadia di Santa Maria del Monte$9(OLS)http://semarc/publisher/29702